Intermediate accounting (Record no. 15244)
[ view plain ]
| 000 -LEADER | |
|---|---|
| fixed length control field | 00426nam a22001817a 4500 |
| 003 - CONTROL NUMBER IDENTIFIER | |
| control field | mut |
| 005 - DATE AND TIME OF LATEST TRANSACTION | |
| control field | 20240606081330.0 |
| 008 - FIXED-LENGTH DATA ELEMENTS--GENERAL INFORMATION | |
| fixed length control field | 180124b xxu||||| |||| 00| 0 eng d |
| 020 ## - INTERNATIONAL STANDARD BOOK NUMBER | |
| International Standard Book Number | 9780137013371 v.1 |
| 040 ## - CATALOGING SOURCE | |
| Transcribing agency | mut |
| 050 ## - LIBRARY OF CONGRESS CALL NUMBER | |
| Classification number | HF5636 |
| Item number | .L6 2012 |
| 100 ## - MAIN ENTRY--PERSONAL NAME | |
| Personal name | Lo, Kin |
| 245 ## - TITLE STATEMENT | |
| Title | Intermediate accounting |
| 260 ## - PUBLICATION, DISTRIBUTION, ETC. | |
| Place of publication, distribution, etc. | Toronto |
| Name of publisher, distributor, etc. | Pearson |
| Date of publication, distribution, etc. | c2012 |
| 650 ## - SUBJECT ADDED ENTRY--TOPICAL TERM | |
| Topical term or geographic name entry element | Accounting |
| 700 ## - ADDED ENTRY--PERSONAL NAME | |
| Personal name | Fisher, George |
| 942 ## - ADDED ENTRY ELEMENTS (KOHA) | |
| Source of classification or shelving scheme | Library of Congress Classification |
| Koha item type | Books |
| Withdrawn status | Lost status | Source of classification or shelving scheme | Damaged status | Not for loan | Home library | Current library | Shelving location | Date acquired | Source of acquisition | Total checkouts | Full call number | Barcode | Date last seen | Price effective from | Koha item type | Serial enumeration / chronology |
|---|---|---|---|---|---|---|---|---|---|---|---|---|---|---|---|---|
| Library of Congress Classification | Murang'a University of Technology Library | Murang'a University of Technology Library | General stacks | 24/01/2018 | Donation-TFC | HF5636 .L6 2012 | 018220 | 30/08/2024 | 24/01/2018 | Books | ||||||
| Library of Congress Classification | Murang'a University of Technology Library | Murang'a University of Technology Library | General stacks | 04/10/2018 | Donation-TFC | HF 5636 .L6 2012 | 023938 | 30/08/2024 | 04/10/2018 | Books | ||||||
| Library of Congress Classification | Murang'a University of Technology Library | Murang'a University of Technology Library | General stacks | 05/10/2018 | Donation -TFC | HF 5636 .L6 2012 | 023937 | 05/10/2018 | 05/10/2018 | Books | ||||||
| Library of Congress Classification | Murang'a University of Technology Library | Murang'a University of Technology Library | General stacks | 20/02/2019 | Donation -TFC | HF 5636 .L6 2012 | 024923 | 30/08/2024 | 20/02/2019 | Books | V.1 | |||||
| Library of Congress Classification | Murang'a University of Technology Library | Murang'a University of Technology Library | General stacks | 20/02/2019 | Donation -TFC | HF 5636 .L6 2012 | 024955 | 20/02/2019 | 20/02/2019 | Books | V.1 | |||||
| Library of Congress Classification | Murang'a University of Technology Library | Murang'a University of Technology Library | General stacks | 20/02/2019 | Donation -TFC | HF 5636 .L6 2012 | 024906 | 30/08/2024 | 20/02/2019 | Books | ||||||
| Library of Congress Classification | Murang'a University of Technology Library | Murang'a University of Technology Library | General stacks | 26/02/2019 | Donation-TFC | HF5636 .L6 2012 | 025146 | 26/02/2019 | 26/02/2019 | Books | ||||||
| Library of Congress Classification | Murang'a University of Technology Library | Murang'a University of Technology Library | General stacks | 07/06/2019 | Donation-TFC | HF5636 .L6 2012 | 025929 | 07/06/2019 | 07/06/2019 | Books |